000 00649nam a2200217Ia 4500
001 a373-24509 [3343]
003 IT-MiCISF
008 161014s9999||||xx |||||||||||||| ||und||
040 _aIT-MiCISF
_cIT-MiCISF
041 _ait
100 _aGoffi Tullo
245 0 _aPer una pastorale dei divorziati
250 _a1a ed.
260 _a Torino
_bGribaudi
_c1974
300 _app. 228
500 _aGuarise S., Angelini G., Rossi L., Balestro P., Corti A., Tettamanzi D. / divorzio, pastorale-situazioni-difficili, separazione, mediazione, chiesa /
650 _adivorzio
700 _aAA.VV.
942 _cBK
957 _71
999 _a24509
_bsi
_g1
_c216853
_d216853